Физика и астрономия 7. клас : сборник задачи и тестове (Запис номер 328838)
[ съкратено ]
| 000 -Лидер | |
|---|---|
| Контролно поле с фиксирана дължина | nam a22 a 4500 |
| 003 - Код на организацията, давaща контролен номер | |
| Контролно поле | BLK |
| 005 - Дата и час на последна редакция | |
| Контролно поле | 20211110135607.0 |
| 008 - Елементи от данни с фиксирана дължина | |
| fixed length control field | 190211b bu de|||r|||| 00| 0 bu d |
| 020 ## - Международен стандартен номер на книга ISBN | |
| Международен стандартен номер на книга ISBN | 9789547452930 |
| 040 ## - Източник на каталожния запис | |
| Идентификатор на билиотеката - собственик на записа | BLK |
| 041 ## - Код за език | |
| Код за езика на текст/звукозапис или на отделно заглавие | Български |
| Код за езика КДБФ | Български |
| 080 ## - УДК | |
| УДК код - определител по УДК | 373.3.016:53 |
| УДК определител | (079)(075.2) |
| УДК - код + определител | 373.3.016:53(079)(075.2) |
| 100 ## - Редна дума - Автор | |
| R(LIN) | 364185 |
| Автор | Райчева, Анка Борисова |
| Авторска отговорност | първи автор |
| 139 ## - Редно поле | |
| Редна дума | Райчева, Анка Борисова |
| Авторски знак | Раич - Р 29 |
| 245 ## - Сведения за заглавието | |
| Заглавие | Физика и астрономия 7. клас : сборник задачи и тестове |
| Редно поле (дума) | Анка Райчева |
| 260 ## - Област на издателските данни | |
| 9 (RLIN) | 209564 |
| Място на издаване, разпространение и проч. | София |
| Име на издателя, разпространителя и проч. | Регалия 6 |
| Година на издаване | 2018 |
| Печатница | (София : Инвестпрес) |
| 300 ## - Физическа характеристика | |
| Страници | 143 с. |
| Илюстрации и др. | с черт., табл., сх. |
| Размери/Мащаб | 24 см |
| 380 ## - Жанр | |
| Жанр | Обществени науки |
| 500 ## - Общи забележки | |
| Забележка | Загл. на гърба на кн.: Сборник задачи и тестове за 7. клас физика и астрономия. - Загл. в изд. каре: Сборник задачи и тестове физика 7. клас. - Загл. на гърба на кор.: Сборник задачи и тестове за 7. клас |
| 650 #0 - Допълнително описание по предмет – тема | |
| 9 (RLIN) | 247662 |
| Основно описание – тема или топоним | Физика - учебници за основни училища |
| 653 #7 - Ключова дума – ненормативна | |
| 9 (RLIN) | 199275 |
| Ключова дума | физика |
| 653 #7 - Ключова дума – ненормативна | |
| 9 (RLIN) | 181437 |
| Ключова дума | астрономия |
| 653 #7 - Ключова дума – ненормативна | |
| 9 (RLIN) | 180186 |
| Ключова дума | VІІ кл. |
| 653 #7 - Ключова дума – ненормативна | |
| 9 (RLIN) | 198264 |
| Ключова дума | тестове |
| 852 ## - Местоположение | |
| Форматна сигнатура | Цб 293580 |
| 852 ## - Местоположение | |
| Фондова буква | Детски отдел |
| Систематично-азбучна сигнатура | 373.3.016/Р 29 Р |
| 999 ## - СИСТЕМНИ КОНТРОЛНИ НОМЕРА | |
| Koha biblionumber | 328838 |
| Koha biblioitemnumber | 328838 |
| 942 ## - АРТИКУЛИ | |
| Вид на библиотечния материал | Книги |
| Скрит в OPAC | Не |
| Периодичен библиозапис | Да |
| Koha issues (borrowed), all copies | 1 |
| 944 ## - СЪЗДАВАНЕ И РЕДАКЦИЯ на ЗАПИСА | |
| Създаване/Редакция | Създаване |
| Дата на регистрацията/редакция | 2019-02-11 |
| Служител, извършил регистрацията/редакцията | Петя Минчева |
| Статус, дата на статуса | 2019-02-11 |
| 944 ## - СЪЗДАВАНЕ И РЕДАКЦИЯ на ЗАПИСА | |
| Създаване/Редакция | Редакция |
| Дата на регистрацията/редакция | 2021-10-20 |
| Служител, извършил регистрацията/редакцията | ГГГ |
| Статус, дата на статуса | 2021-10-20 |
| Код за отписване | Код за изгубен артикул | Източник на класификационната схема | Код за повреда | Коз за рестрикции | Код за отдаване | Артикулен № | Име на библиотеката - собственик | Име на библиотеката, в която се намира в момента | Статус (Текущо местоположение) | Дата на вписване в системата | Местоположение - отдел | Цена в лева | Систематично азбучна сигнатура | Баркод | Цена в евро | Служебен тип на артикула | Инвентарен номер |
|---|---|---|---|---|---|---|---|---|---|---|---|---|---|---|---|---|---|
| Не е изгубен | Universal Decimal Classification | Не е повреден | без рестрикции | ползва се в читалня | 689331 | Регионална библиотека "Любен Каравелов" Русе | Регионална библиотека "Любен Каравелов" Русе | Хранилище | 2019-02-14 | Хранилище | 8.00 | Цб 293580 | 120000829568 | 4.09 | Книги | ||
| Не е изгубен | Universal Decimal Classification | Не е повреден | без рестрикции | заемане за дома | 858271 | Регионална библиотека "Любен Каравелов" Русе | Регионална библиотека "Любен Каравелов" Русе | Детски отдел | 2021-10-21 | Детски отдел | 6.40 | ДН 373.3.016/Р 29 А | 120000860800 | 3.27 | Книги | 120000860800 | |
| Не е изгубен | Universal Decimal Classification | Не е повреден | без рестрикции | заемане за дома | 858272 | Регионална библиотека "Любен Каравелов" Русе | Регионална библиотека "Любен Каравелов" Русе | Детски отдел | 2021-10-21 | Детски отдел | 6.40 | ДН 373.3.016/Р 29 А | 120000860801 | 3.27 | Книги | 120000860801 |